<?xml version="1.0" encoding="UTF-8"?>
<collection xmlns="http://www.loc.gov/MARC21/slim">
 <record>
  <leader>00600nam a22001815a 4500</leader>
  <controlfield tag="001">CEM.cems004607</controlfield>
  <controlfield tag="008">130507s1969##################000#0#####d</controlfield>
  <controlfield tag="005">20241217132239.0</controlfield>
  <datafield tag="245" ind1="1" ind2="0">
   <subfield code="a">Tratado teórico práctico de derecho usual y  práctica forense /</subfield>
  </datafield>
  <datafield tag="250" ind1=" " ind2=" ">
   <subfield code="a">12a. ed.</subfield>
  </datafield>
  <datafield tag="260" ind1=" " ind2=" ">
   <subfield code="a">Buenos Aires :</subfield>
   <subfield code="b">Librer¡a del Colegio,</subfield>
   <subfield code="c">1969</subfield>
  </datafield>
  <datafield tag="300" ind1=" " ind2=" ">
   <subfield code="a">256 p.</subfield>
  </datafield>
  <datafield tag="100" ind1="1" ind2=" ">
   <subfield code="a">Márquez Garabano, Luis D.</subfield>
  </datafield>
  <datafield tag="082" ind1="0" ind2="4">
   <subfield code="a">346</subfield>
  </datafield>
  <datafield tag="653" ind1=" " ind2=" ">
   <subfield code="a">Derecho civil</subfield>
  </datafield>
  <datafield tag="653" ind1=" " ind2=" ">
   <subfield code="a">Derecho usual</subfield>
  </datafield>
  <datafield tag="859" ind1=" " ind2=" ">
   <subfield code="a">CEMS</subfield>
   <subfield code="b">BIB. CEMS - 11 de abril</subfield>
   <subfield code="h">346</subfield>
   <subfield code="i">M348a12</subfield>
   <subfield code="p">1066.73</subfield>
   <subfield code="t">Ej.2</subfield>
  </datafield>
  <datafield tag="859" ind1=" " ind2=" ">
   <subfield code="a">CEMS</subfield>
   <subfield code="b">BIB. CEMS - 11 de abril</subfield>
   <subfield code="h">346</subfield>
   <subfield code="i">M348a12</subfield>
   <subfield code="p">1583.74</subfield>
   <subfield code="t">Ej.4</subfield>
  </datafield>
 </record>
</collection>
